A manual for biblical preaching. (Record no. 11531)

000 -LEADER
fixed length control field 00744nam a2200205 a 4500
001 - CONTROL NUMBER
control field :::00009330$&:&@@
003 - CONTROL NUMBER IDENTIFIER
control field OkBaRHE
005 - DATE AND TIME OF LATEST TRANSACTION
control field 20000607103350.0
008 - FIXED-LENGTH DATA ELEMENTS--GENERAL INFORMATION
fixed length control field s1965 j 000 0 eng u
040 ## - CATALOGING SOURCE
Transcribing agency
100 1# - MAIN ENTRY--PERSONAL NAME
Personal name Perry, Lloyd M.
245 12 - TITLE STATEMENT
Title A manual for biblical preaching.
260 ## - PUBLICATION, DISTRIBUTION, ETC. (IMPRINT)
Place of publication, distribution, etc Grand Rapids, MI., :
Name of publisher, distributor, etc Baker Book House
Date of publication, distribution, etc c1965
300 ## - PHYSICAL DESCRIPTION
Extent 215 p. ;
Dimensions 28 cm.
650 ## - SUBJECT ADDED ENTRY--TOPICAL TERM
Topical term or geographic name as entry element Sermon Preparation
942 ## - ADDED ENTRY ELEMENTS (KOHA)
Source of classification or shelving scheme
Koha item type Books
Copies
Barcode Withdrawn status Full call number Lost status Damaged status Copy number Source of classification or shelving scheme Date acquired Price effective from Koha item type Shelving location Not for loan Date last seen Permanent Location
9330 BV 4211 .P4  1 2010-04-142010-04-14BooksGeneral Stacks 2010-04-14RHEMA Bible Training College
15499 BV 4211 .P4  2 2010-04-142010-04-14BooksGeneral Stacks 2010-04-14RHEMA Bible Training College
15969 BV 4211 .P4  3 2010-04-142010-04-14BooksGeneral Stacks 2010-04-14RHEMA Bible Training College